00301nam a2200133Ia 45000030006000000080041000060400015000471000026000622450013000882600033001013000006001345460010001400050017001500STCL150530s9999 xx 000 0 und d aSTCLcSTCL aShashi Prabha Shastri aSeediyan bNational; Delhic1976aDelhi a0 aHindi20220125171253.0